00517nam a2200205 a 4500001001300000003000900013005001700022008004100039020001000080082001700090100001500107245003200122260004200154300000900196500003500205505001000240650001700250650002900267700001500296nice12345678IN_TiNIC20260116013519.0050524s1989 dela grp 000 0 eng  ac30000a954.025bBUR aBurke, S M aAkbarb the Greatest Mughal aDelhibMunshiram Manoharlal Pubc1989 a249p aincludes index and biblioraphy2 aIndex aMughal India aIndia-History Akbar Nama1 aBurke, S M